000 00387nam a22001217a 4500
082 _aTHE 200
100 _aNUMERA TAHIR
_972845
245 _aTH-SOF-0602-DEVELOPMENT OF A DECISION SUPPORT SYSTEM FOR INVENTORY ANALYSIS AND CONTROL
260 _aNUST COLLEGE OF EME
_bISLAMABAD
_c2018
650 _a MS-EM-2 MSTHESIS
_972846
700 _a DR MUHAMMAD ABBAS CHOUDHARY
_972847
942 _cCF
999 _c578827
_d578827